000 00622nam a2200181Ia 4500
003 GCL
008 140319s9999 xx 000 0 ara d
040 _aGCL /
_cGCL
082 0 4 _a621.38195
_bف ن
100 1 _aفاروق سيد حسين
245 1 0 _aنظريات تشغيل النظم الرقمية : الصيانة - الاصلاح وتحليل الاعطال /
_cفاروق سيد حسين
300 _a200 ص
490 _aالنظم الرقمية
_v0
650 0 4 _aالنظم الرقمية
650 0 4 _aالدوائر الرقمية
650 0 4 _aالنظم الرقمية - صيانة
942 _2ddc
_cBK
999 _c47786
_d47786